Návrh používateľského rozhrania pre hľadanie v časových radoch

Gespeichert in:
Bibliographische Detailangaben
1. Verfasser: Rajcsányi, Ladislav (Verfasst von)
Weitere Verfasser: Drozda, Martin (Betreuung Doktorarbeit)
Format: Manuskript Buch
Sprache:Slowakisch
Veröffentlicht: Bratislava : STU v BRatislave FEI, 2021
Schlagworte:
Online-Zugang:https://opac.crzp.sk/?fn=detailBiblioForm&sid=CF9E62B1F4156FE3B9290F84D7C8&seo=CRZP-detail-kniha
Tags: Tag hinzufügen
Keine Tags, Fügen Sie das erste Tag hinzu!

MARC

LEADER 00000ntm a22000003a 4500
001 stuzp85112
003 SK-STU
005 20220203112136.8
007 ta
008 150427s2015----xo-----f-mn---000-0-slo-d
040 |a STU  |b slo 
041 0 |a slo 
044 |a xo 
100 1 |a Rajcsányi, Ladislav  |u 035000  |4 aut  |U FEI Fakulta elektrotechniky a informatiky  |T FEI Ústav informatiky a matematiky  |X 97914  |U E050  |Y 816  |7 97914 
242 0 1 |a Design of user interface for search in time series  |y eng 
245 1 0 |a Návrh používateľského rozhrania pre hľadanie v časových radoch 
260 |a Bratislava :  |b STU v BRatislave FEI,  |c 2021 
300 |a 64 s., príl. 
650 4 |a časové rady  |2 slo 
650 4 |a používateľské rozhranie  |2 slo 
650 4 |a Flutter  |2 slo 
650 4 |a Flutter  |2 eng 
650 4 |a time series  |2 eng 
650 4 |a user interface  |2 eng 
700 1 |a Drozda, Martin  |u 035000  |k Z1  |4 ths  |U FEI Fakulta elektrotechniky a informatiky  |T FEI Ústav informatiky a matematiky  |X 71006  |U E050  |Y 816  |7 A000071006 
856 4 |u https://opac.crzp.sk/?fn=detailBiblioForm&sid=CF9E62B1F4156FE3B9290F84D7C8&seo=CRZP-detail-kniha